000 00645nam a2200193Ia 4500
003 GCL
008 140319s9999 xx 000 0 ara d
040 _aGCL /
_cGCL
082 0 4 _a239.9
_bف ق
100 1 _aفهد العرابى الحارثى
245 1 0 _a"قال ابن عباس.. حدثتنا عائشة فصول فى فأض ""الادبى"" ""والشرعى"" فى الثقافة العربية" /
_cفهد العرابى الحارثى
300 _a404
490 _a100 قصة
_v0
650 0 4 _aالحديث
650 0 4 _aالقصص
650 0 4 _aالصحابة
650 0 4 _aالصحابة والتابعون
942 _2ddc
_cBK
999 _c43453
_d43453